MARC

LEADER 00000nam0a2200000 4500
001 145058
005 20231031143924.0
035 |a (RuTPU)RU\TPU\book\157213 
090 |a 145058 
100 |a 20081013d1989 m y0rusy50 ca 
101 0 |a rus 
102 |a LV 
105 |a a z 001zy 
200 1 |a Морские нефтегазопромысловые сооружения  |e сборник научных трудов  |f Всесоюзный научно-исследавательский институт морской геологии и геофизики 
210 |a Рига  |c ВНИИморгео  |d 1989 
215 |a 120 с.  |c ил. 
320 |a Библиография в конце статей 
610 1 |a сборники 
610 1 |a нефтегазопромысловые сооружения 
610 1 |a нефтепромысловые сооружения 
610 1 |a газопромысловые сооружения 
675 |a 622.276.04.05  |v 3 
675 |a 622.279  |v 3 
712 0 2 |a Всесоюзный научно-исследавательский институт морской геологии и геофизики  |2 stltpush  |3 (RuTPU)RU\TPU\col\13670 
801 1 |a RU  |b 63413507  |c 20081013  |g PSBO 
801 2 |a RU  |b 63413507  |c 20081208  |g PSBO 
942 |c BK